Obálka
Pro půjčování e-knih musíte být přihlášeni.
Jak si půjčit online?

Čtyři tisíce týdnů : time management pro smrtelníky /

Kniha z oblasti time managementu naučí hospodařit správně s časem a zažívat radost i v hektických dnech. Obsahuje postřehy z klasické literatury i psychologických výzkumů.

Uloženo v:
Hlavní autor: Burkeman, Oliver, 1975- (Autor)
Další autoři: Mohelská, Libuše, 1974- (Autor)
Médium: E-audiokniha
Jazyk:Czech
Vydáno: V Brně : Jan Melvil Publishing, 2022
Vydání:Vydání první
Edice:Žádná velká věda
Témata:
On-line přístup:Plný text
Plný text - pro registrované uživatele NK ČR
Tagy:
Žádné tagy
LEADER 04644nam a2200913 i 4500
001 313427
003 CZ PrSKC
005 20260601215742.0
007 ta
008 220513s2022 xr e f 001 0 cze
015 |a cnb003421457 
020 |a 9788075551603  |q (brožováno) 
035 |a (OCoLC)1335742148 
040 |a OLA001  |b cze  |d BOA001  |d ABA001  |e rda 
041 1 |a cze  |h eng 
072 7 |a 005  |x Management. Řízení  |2 Konspekt 
080 |a 005.962.11  |2 MRF 
080 |a 159.923.5  |2 MRF 
080 |a 316.648.4  |2 MRF 
080 |a 005.61  |2 MRF 
080 |a 159.923.5:005.962.11  |2 MRF 
080 |a 159.923-025.18  |2 MRF 
080 |a (0.062)  |2 MRF 
100 1 |a Burkeman, Oliver,  |d 1975-  |7 xx0213458  |4 aut 
240 1 0 |a Four thousand weeks.  |l Česky 
245 1 0 |a Čtyři tisíce týdnů :  |b time management pro smrtelníky /  |c Oliver Burkeman ; překlad Libuše Mohelská 
250 |a Vydání první 
264 1 |a V Brně :  |b Jan Melvil Publishing,  |c 2022 
300 |a 255 stran ;  |c 22 cm 
336 |a text  |b txt  |2 rdacontent 
337 |a bez média  |b n  |2 rdamedia 
338 |a svazek  |b nc  |2 rdacarrier 
490 1 |a Žádná velká věda 
500 |a Přeloženo z angličtiny 
504 |a Obsahuje bibliografické odkazy a rejstřík 
520 2 |a Kniha z oblasti time managementu naučí hospodařit správně s časem a zažívat radost i v hektických dnech. Obsahuje postřehy z klasické literatury i psychologických výzkumů.  |b V knize se mimo jiné dozvíte: proč je zhoubné přemýšlet o čase jako o zdroji, který musíme využít naplno; že snaha o co nejvyšší efektivitu je zdrojem úzkostí, ne jejich řešením; jak a kdy pohnout s životními sny a plány, které kvůli povinnostem dokola odkládáte; které koníčky vám přinesou skutečný odpočinek a které jen další stresující seznamy úkolů; že není ostuda přiznat si porážku a některé věci prostě vzdát; jak někdy nedělat nic - a netrápit se kvůli tomu. Nakladatelská anotace. Kráceno. 
650 0 7 |a management času  |7 ph122602  |2 czenas 
650 0 7 |a sebeřízení  |7 ph303239  |2 czenas 
650 0 7 |a změna postoje  |7 ph615993  |2 czenas 
650 0 7 |a produktivita  |7 ph124622  |2 czenas 
650 0 7 |a prokrastinace  |7 ph784464  |2 czenas 
650 0 7 |a spokojenost  |7 ph1102992  |2 czenas 
650 0 9 |a time management  |2 eczenas 
650 0 9 |a self-management  |2 eczenas 
650 0 9 |a attitude change  |2 eczenas 
650 0 9 |a productivity  |2 eczenas 
650 0 9 |a procrastination  |2 eczenas 
650 0 9 |a contentment  |2 eczenas 
655 7 |a populárně-naučné publikace  |7 fd131864  |2 czenas 
655 9 |a popular works  |2 eczenas 
700 1 |a Mohelská, Libuše,  |d 1974-  |7 xx0015245  |4 trl 
830 0 |a Žádná velká věda 
856 4 1 |u https://www.bookport.cz/kniha/ctyri-tisice-tydnu-10739/  |y Plný text  |4 N 
856 4 1 |u https://www.bookport.cz/AccountSaml/SignIn/?idp=https%3A%2F%2Fshibboleth.nkp.cz%2Fidp%2Fshibboleth&returnUrl=/kniha/ctyri-tisice-tydnu-10739/  |y Plný text - pro registrované uživatele NK ČR  |4 N 
900 |a ABA001  |b 20 
044 |a xr 
505 0 0 |t Úvod (25 min., 29 sek.) 
505 0 0 |t Část první - volba volit (19 min., 55 sek.) 
505 0 0 |t Přiznání geeka přes produktivitu (20 min., 16 sek.) 
505 0 0 |t Past efektivity (22 min., 23 sek.) 
505 0 0 |t Proč byste se měli přestat snažit o čistý stůl (16 min., 11 sek.) 
505 0 0 |t Tváří v tvář konečnosti (25 min., 27 sek.) 
505 0 0 |t Jak se stát lepším prokrastinátorem (24 min., 52 sek.) 
505 0 0 |t Snížit si laťku je nevyhnutelné (28 min., 58 sek.) 
505 0 0 |t Intimní narušitel (14 min., 49 sek.) 
505 0 0 |t Část druhá - mimo kontrolu (21 min., 6 sek.) 
505 0 0 |t Teď jste tady (30 min., 44 sek.) 
505 0 0 |t Znovuobjevení odpočinku (20 min., 19 sek.) 
505 0 0 |t Pravidla odpočinku (20 min., 30 sek.) 
505 0 0 |t Spirála netrpělivosti (20 min., 4 sek.) 
505 0 0 |t Zůstat v autobuse (22 min., 22 sek.) 
505 0 0 |t Osamělost digitálního nomáda (17 min., 33 sek.) 
505 0 0 |t Ve společném rytmu (14 min., 9 sek.) 
505 0 0 |t Terapie kosmickou bezvýznamností (19 min., 57 sek.) 
505 0 0 |t Lidská nemoc (24 min., 43 sek.) 
505 0 0 |t Doslov - Víc než naděje (31 min., 28 sek.) 
910 |a RBIT002 
998 |d 420426  |a https://core.palmknihy.cz/api/books/420426/cover?sw9mzr  |b https://core.palmknihy.cz/api/books/420426/cover/400?sw9mzr  |c https://core.palmknihy.cz/api/books/420426/cover/50?sw9mzr  |e 2026-12-01  |i 9788075551603  |l 26460  |q 49  |r 1  |s https://www.palmknihy.cz/kniha/420426  |t audiobook  |y 2022  |z 0 
999 |d 313425